000 00593nam a2200181 u 4500
001 000594797
003 AM-YeHGA
005 20250617141659.0
008 080813s1958 ||| r 000 0 rus d
040 _aAM-YeHGA
041 0 _arus
100 1 _aХомченко, Василий Федорович
245 1 0 _aЖаворонок :
_bРассказы /
_cВасилий Хомченко.
260 _aВладимир :
_bВладимир. кн. изд-во,
_c1958.
300 _a127 с. :
_bил.
653 0 _aРусская советская проза (х. л.)
090 _c244757
999 _c243174
_d243174